00393nam a2200133Ia 4500008004100000041000800041082001600049100001400065245012100079260002100200300000800221365001600229700001400245230718s9999 xx 000 0 und d aeng a005.72bVER aVerens K. aJQuery 1.3 With PHPbEnhance Your PHP Applications By Increasing Their Responsiveness Through JQuery And Its Plugins c2010bPackt Pub. a230 cRs.b350.00 aVerens K.